000 00684nam a2200229 i 4500
001 126092
003 ES-MaACL
005 20250904063058.0
007 t|
008 070214m19061910fr r ||||1| fre d
100 1 _9242211
_aReinach, Salomon,
_d1858-1932
_eaut
110 1 _a
_9242204
245 1 0 _aRépertoire de la statuaire grecque et romaine /
_cSalomon Reinach.
250 _a2e éd.
260 _aParis :
_bErnest Leroux,
_c1906-1910.
300 _a4 t. en 5 v. :
_bil. ;
_c20 x 14 cm.
650 0 7 _aEscultura griega
_2embne
_912443
650 7 _aEscultura romana
_2embne
_9136052
852 _aES-MaACL
_jF-2027-31
942 _2udc
999 _c126092
_d126092